000 00243nam a2200109Ia 4500
008 200302s9999 xx 000 0 und d
100 _aAuthor
245 _aHospital Architecture + Design
260 _bPublisher
260 _c2011
300 _a185
999 _c3588
_d3588